000 00446nam a2200145Ia 4500
008 210430s9999 xx 000 0 und d
020 _a978-81-317-2552-8
082 _aH657B 660
100 _aDavid M.Himmelblau, James B. Riggs
_9127261
245 _aBasic Principles and Calculations in Chemical Engineering /
_cDavid M.Himmelblau
250 _a7th edition
260 _aIndia
_bDorling Kindersly
_c2009
300 _a1115p
942 _cBK
_2ddc
999 _c565346
_d565346